000 00491nam a2200181Ia 4500
005 20250508151810.0
008 008 250505s9999 xx 000 0 eng d
037 _aTextual
040 _aFEDL
_beng
_cFEDL
041 _aeng
_2eng
084 _a428, VAL
_qFEDL
100 _aGreen Margery
_9760010
245 0 _aTales from the ramayana
260 _aMadras, India
_bMacmillan and Co, Ltd.
_c1956
300 _a116p.
942 _cTEXL
_h428, VAL
999 _c1332200
_d1332200